جنسی تعلقات اسلام اور جديد سا ءنس کی روشنی ميں (Record no. 5431)

MARC details
000 -LEADER
fixed length control field 01053 a2200241 4500
005 - DATE AND TIME OF LATEST TRANSACTION
control field 20081010160342.0
008 - FIXED-LENGTH DATA ELEMENTS--GENERAL INFORMATION
fixed length control field 081010t xxu||||| |||| 00| 0 ur d
010 ## - LCCN (DPL NO)
LC control number UR-7366
020 ## - INTERNATIONAL STANDARD BOOK NUMBER
International Standard Book Number 8182233070
Terms of availability 150.00
035 ## - SYSTEM CONTROL NUMBER
System control number U-5921
037 ## - SOURCE OF ACQUISITION
Source of stock number/acquisition D.B.Act / Pub
082 ## - DEWEY DECIMAL CLASSIFICATION NUMBER
Classification number 155.34
100 ## - MAIN ENTRY--PERSONAL NAME
Personal name معا زحسن
245 ## - TITLE STATEMENT
Title جنسی تعلقات اسلام اور جديد سا ءنس کی روشنی ميں
Statement of responsibility, etc ما ذ حسن
246 ## - VARYING FORM OF TITLE
Title proper/short title Jinsi Taluqat
Remainder of title byMaaz Hasan
260 ## - PUBLICATION, DISTRIBUTION, ETC. (IMPRINT)
Place of publication, distribution, etc دھلی
Name of publisher, distributor, etc ايجو کيشنل پبليشنگ ہا ؤس
Date of publication, distribution, etc 2007
270 ## - ADDRESS
Address 3108،وکيل اسٹر يٹ کو چہ پنڈ ت لال کنو اں
City دھلی
Postal code 110006
Telephone number 23216162
Fax number 009101123211540
Electronic mail address info@ephbooks.com,ephdelhi@yahoo.com
300 ## - PHYSICAL DESCRIPTION
Extent 384 p.
Dimensions 22 cm (Pbk)
650 ## - SUBJECT ADDED ENTRY--TOPICAL TERM
Topical term or geographic name as entry element Sex Psychology
650 ## - SUBJECT ADDED ENTRY--TOPICAL TERM
Topical term or geographic name as entry element جنسی تعلقات
942 ## - ADDED ENTRY ELEMENTS (KOHA)
Institution code [OBSOLETE] dpl
Item type Urdu Bks
Source of classification or shelving scheme Dewey Decimal Classification
Classification part 155.34
Call number suffix ما ذ
Holdings
Withdrawn status Lost status Source of classification or shelving scheme Damaged status Not for loan Collection code Home library Current library Date acquired Cost, normal purchase price Total Checkouts Full call number Barcode Date last seen Copy number Cost, replacement price Koha item type
    Dewey Decimal Classification   Not For Loan Non-fiction D.B.Act.Division D.B.Act.Division 10/10/2008 150.00   155.34 ما ذ U-5921 15/09/2008 1 150.00 Urdu Bks

© Delhi Public Library
Hit Counter
free hit counter